000 00751nam a2200217Ia 4500
003 GCL
008 140319s9999 xx 000 0 ara d
040 _aGCL /
_cGCL
082 0 4 _a956.9
_bا ى
100 1 _aافيطبول، ميجال
245 1 0 _aاليهود فى البلدان الاسلامية: (عالم المعرفة 1970) /
_cافيطبول، ميجال
700 1 _aاتيجر، صموئيل
300 _a462 ص
490 _aعالم المعرفة
_v0
650 0 4 _aاليهود - الاحوال الاجتماعية
650 0 4 _aاليهود - تاريخ
650 0 4 _aاليهود - الاحوال الاقتصادية
650 0 4 _aاليهود - تشتت
650 0 4 _aالمسلمون اليهود
942 _2ddc
_cBK
999 _c51521
_d51521